000 00652nam a2200217 i 4500
001 176881
003 ES-MaACL
005 20230906220213.0
008 110216s1967 sp ao |||| | spa d
080 _a75:069(443.61 P.) Louvre
245 0 3 _aEl Museo del Louvre /
_cpresentación por J. Chatelain.
260 _aMadrid :
_bCodex,
_c[1967]
300 _a2 v. :
_bil. col. y n. ;
_c32 cm.
490 1 _aEl mundo de los museos
500 _aÍndices.
610 2 4 _aMusée du Louvre.
_95813
700 1 _aChatelain, J.
_9145226
830 0 _aEl mundo de los museos
_9190282
852 _aES-MaACL
_jE-14325-26
_xOlim P-1361
999 _c176881
_d176881